00998nam a2200277Ia 450000500170000001000330001702000260005003500130007603500170008903500130010603700210011903700130014008200120015310000220016524500400018725000110022726000350023827000590027330000250033249000260035750000540038352001910043765000320062865000340066065000260069420170706103134.0 aBAC-EN21 ENG-111798 a9789332516854c175.00 aEN-95330 aB-589782-809 aB-668096 bTechniz/Venadpl bDBAD/PUB a808.042 aBonnett, Alastair aHow to argue /cby Alastair Bonnett a3rd ed c2014aNew DelhibPearson India a11 Community Centre,Panchsheel ParkbNew Delhie110017 c22cm(pbk)axv,125p.  a Smarter study skills aIncludes bibliographical references (p. 114-115). aOne of the most difficult things students within higher education have to learn is how to argue. Packed with exercises, examples and case studies, this book aims to address this problem. aEnglish languagexRhetoric. aSocial sciencesx Authorship. aPersuasion (Rhetoric)